000 00635nam a2200193 i 4500
001 188515
003 ES-MaACL
005 20250910213031.0
008 181212s1966 sp |||| | spa d
100 1 _aRubio, Rodrigo,
_d1931-2007
_9100377
245 1 3 _aLa deshumanización del campo /
_cRodrigo Rubio.
260 _aMadrid :
_bPenínsula,
_c1966.
300 _a156 p. ;
_c18 cm.
490 1 _aColección Ibérica ;
_v11
651 4 _aAlbacete (Provincia)-
_xSituación social-
_vHistoria.
_9165751
830 0 _aColección ibérica (Península)
_v11
_9179423
852 _aES-MaACL
_jP-137-bis-9
999 _c188515
_d188515